| 000 | 01046nam2a2200289 4500 | ||
|---|---|---|---|
| 001 | RU\NLR\bibl\832431 | ||
| 005 | 20250614142057.0 | ||
| 021 |
_aRU _b2005-3474п _9139 |
||
| 035 | _a(NLR Aleph) 000821293 | ||
| 090 |
_a1302831 _c1302831 |
||
| 100 | _a20050818d2005 |||y0rusy50 ca | ||
| 101 | 0 | _arus | |
| 102 | _aRU | ||
| 105 | _aa ||||||||| | ||
| 200 | 1 | _aПулеметы | |
| 210 |
_d2005 _aБ. м. |
||
| 215 |
_a68 с. _cил. |
||
| 225 | 1 |
_a... _vN 1: Спец. вып. |
|
| 461 | 0 |
_1001RU\NLR\bibl\166436 _12001#$aПехотное оружие Третьего рейха$vЧ. 7 _9939373 _aМонетчиков, С. Б. _cМ. _d2000 _f[Сергей Монетчиков] _nВост. горизонт _tПехотное оружие Третьего рейха _vЧ. 7 |
|
| 606 | 1 |
_aПулеметы _yГермания _z1939 - 1945 _92387549 _3RU\NLR\auth\661424065 |
|
| 686 | _aЦ521.24г(4Г) | ||
| 801 | 0 |
_aRU _bNLR _c20050818 _grcr |
|
| 801 | 1 |
_aRU _bNLR _c20050818 |
|
| 852 |
_aNLR _jП11/3991 |
||
| 942 | _cBOOK | ||
| 980 | _aNB | ||